00480nam a2200085Ia 4500008004100000245003900041300023700080650001300317856006400330170517s9999 xx 000 0 und d 4aThe Space Shuttle: A Horizon Guide aIt was 30 years ago that the first space shuttle, Columbia, was launched. It was such a triumph of technology, engineering and organization that it's easy to forget the programme was primarily the product of an economy drive. The... xScience. uhttp://topdocumentaryfilms.com/space-shuttle-horizon-guide/